[Event "BCF-chT3 1011 (4NCL)"]
[Site "England"]
[Date "2011.04.30"]
[Round "9.37"]
[White "Mures, Cristian"]
[Black "Brown, Alan M"]
[Result "0-1"]
[WhiteElo "2260"]
[BlackElo "2092"]
[PlyCount "108"]
[EventDate "2010.11.06"]
[EventType "team-swiss"]
[EventRounds "9"]
[EventCountry "ENG"]
[SourceTitle "EXT 2012"]
[Source "ChessBase"]
[SourceDate "2011.11.24"]
[SourceVersion "1"]
[SourceVersionDate "2011.11.24"]
[SourceQuality "1"]
[WhiteTeam "British Universities CA"]
[BlackTeam "FCA Solutions"]
[WhiteTeamCountry "ENG"]
[BlackTeamCountry "ENG"]

1. d4 Nf6 2. c4 e6 3. Nf3 Bb4+ 4. Nbd2 c5 5. e3 b6 6. Bd3 Bb7 7. 0-0 cxd4 8. exd4 0-0 9. a3 Be7 10. b4 a5 11. b5 d5 12. Bb2 Nbd7 13. Qe2 Re8 14. Rfe1 Nf8 15. Rac1 Rc8 16. Ne5 Ng6 17. Nxg6 hxg6 18. Rc2 Nh5 19. g3 Nf6 20. f3 Bd6 21. Rec1 Qe7 22. Qe3 dxc4 23. Nxc4 Nd5 24. Qe2 Bc7 25. Be4 Qg5 26. Kh1 Qh5 27. f4 Qh3 28. Qg2 Qh5 29. Ne5 Ne3 30. Bxb7 Nxg2 31. Rxg2 Bxe5 32. Bxc8 Bf6 33. Bb7 Rd8 34. a4 Bxd4 35. Rd2 Bf6 36. Rxd8+ Bxd8 37. Bd4 Kh7 38. Bg2 Qe2 39. Bg1 Qd2 40. Rc4 Bf6 41. Bxb6 g5 42. Bg1 gxf4 43. Rxf4 e5 44. Re4 Qd1 45. h3 Bd8 46. Kh2 Bc7 47. Rc4 Bd6 48. b6 f5 49. b7 Qd3 50. Rc6 f4 51. gxf4 exf4 52. Rxd6 Qxd6 53. Ba7 f3+ 54. Kg1 Qg3 0-1

[Event "BCF-chT3 1011 (4NCL)"]
[Site "England"]
[Date "2011.02.20"]
[Round "6.43"]
[White "Mures, Cristian"]
[Black "Vas, Peter1111"]
[Result "0-1"]
[WhiteElo "2260"]
[BlackElo "2293"]
[PlyCount "102"]
[EventDate "2010.11.06"]
[EventType "team-swiss"]
[EventRounds "9"]
[EventCountry "ENG"]
[SourceTitle "EXT 2012"]
[Source "ChessBase"]
[SourceDate "2011.11.24"]
[SourceVersion "1"]
[SourceVersionDate "2011.11.24"]
[SourceQuality "1"]
[WhiteTeam "British Universities CA"]
[BlackTeam "UCL"]
[WhiteTeamCountry "ENG"]
[BlackTeamCountry "ENG"]

1. d4 d5 2. c4 dxc4 3. Nc3 e6 4. e3 a6 5. a4 c5 6. Bxc4 Nf6 7. Nf3 Nc6 8. 0-0 cxd4 9. Nxd4 Bd7 10. Nxc6 Bxc6 11. Qb3 Qc7 12. Re1 Bd6 13. h3 Rc8 14. e4 0-0 15. Bg5 Bh2+ 16. Kh1 Be5 17. f3 Nh5 18. Rac1 Ng3+ 19. Kg1 Bd4+ 20. Be3 Bxe3+ 21. Rxe3 Bxa4 22. Nxa4 b5 23. Rcc3 bxc4 24. Qc2 Rfd8 25. f4 Nh5 26. g3 Nf6 27. Qe2 Rd4 28. Rc2 Rcd8 29. Nc3 Qb6 30. Kg2 Rd3 31. Rxd3 cxd3 32. Qf2 Qxf2+ 33. Rxf2 d2 34. Nd1 Nxe4 35. Re2 f5 36. Re3 Kf7 37. g4 a5 38. Kf3 Rd4 39. Ra3 a4 40. Ke3 Rb4 41. gxf5 exf5 42. Rd3 Kg6 43. Ke2 h6 44. Rd7 Rb3 45. Ra7 Rxh3 46. Rxa4 h5 47. Ra6+ Kh7 48. Ra7 h4 49. Rd7 Rh1 50. Ne3 h3 51. Nxf5 d1Q+ 0-1

[Event "ROM-ch"]
[Site "Cluj"]
[Date "2008.02.25"]
[Round "1"]
[White "Nemeth, Francisc"]
[Black "Mures, Cristian"]
[Result "1-0"]
[WhiteElo "2451"]
[BlackElo "2204"]
[PlyCount "73"]
[EventDate "2008.02.25"]
[EventType "swiss"]
[EventRounds "9"]
[EventCountry "ROU"]
[SourceTitle "CBM 123 Extra"]
[Source "ChessBase"]
[SourceDate "2008.05.06"]
[SourceVersion "1"]
[SourceVersionDate "2008.05.06"]
[SourceQuality "1"]

1. e4 d6 2. d4 g6 3. Nc3 a6 4. h4 b5 5. h5 Bg7 6. h6 Bf6 7. a4 b4 8. Nd5 Bb7 9. Nxf6+ Nxf6 10. f3 0-0 11. Bg5 Nbd7 12. Qd2 a5 13. Ne2 c5 14. d5 Qc7 15. Ng3 c4 16. Qd4 Rac8 17. Be2 Qc5 18. Rd1 e5 19. Qxc5 Rxc5 20. Nf1 Ra8 21. Ne3 Ba6 22. Kf2 Ne8 23. Rc1 f6 24. Bh4 Nb6 25. b3 cxb3 26. cxb3 Bxe2 27. Rxc5 dxc5 28. Kxe2 Kf7 29. Rc1 Rc8 30. Bf2 Nd6 31. Nd1 Nd7 32. Nb2 f5 33. Kd3 fxe4+ 34. fxe4 Nf6 35. Nc4 Ndxe4 36. Bh4 Re8 37. Bxf6 1-0